| 000 -ლიდერი |
| ფიქსირებული სიგრძის საკონტროლო ველი |
01571nam a22002417a 4500 |
| 003 - საკონტროლო ნომრის იდენტიფიკატორი |
| საკონტროლო ველი |
Ge_BSU |
| 005 - ბოლო ოპერაციის თარიღი და დრო |
| საკონტროლო ველი |
20240604121311.0 |
| 008 - ფიქსირებული სიგრძის მონაცემთა ელემენტები - ზოგადი ინფორმაცია |
| ფიქსირებული სიგრძის საკონტროლო ველი |
240604s2024 ge ||||| |||| 00| 0 geo d |
| 020 ## - წიგნის საერთაშორისო სტანდარტული ნომერი |
| International Standard Book Number |
9789941864094 |
| 041 ## - ენის კოდი |
| Language code of text/sound track or separate title |
geo |
| 080 ## - უნივერსალური ათობითი კლასიფიკაციის ინდექსი |
| Universal Decimal Classification number |
342.732(73) თ-37 |
| 100 ## - მთავარი ჩანაწერი - პიროვნების სახელი |
| Personal name |
თაქთაქიშვილი, ჩიორა |
| 9 (RLIN) |
22310 |
| 245 ## - ცნობა სათაურის შესახებ |
| Title |
გამოხატვის თავისუფლება : |
| Remainder of title |
ამერიკის შეერთებული შტატები, გერმანიის ფედერაციული რესპუბლიკა და საქართველო კანონმდებლობისა და პრაქტიკის ანალიზი / |
| Statement of responsibility, etc |
ჩიორა თაქთაქიშვილი, რევაზ ხოფერია, მაია კოპალეიშვილი. |
| 264 ## - წარმოების, გამოცემის, დისტრიბუციის და სხვა ცნობები |
| გამოცემის, წარმოების, დისტრიბუციის... ადგილი |
თბილისი : |
| გამოცემის, წარმოების, დისტრიბუციის... სახელწოდება |
თავისუფალი უნივერსიტეტი, |
| გამოცემის, წარმოების, დისტრიბუციის... თარიღი |
2024. |
| 300 ## - ფიზიკური აღწერა |
| Extent |
222 გვ. |
| Other physical details |
23 სმ. |
| 504 ## - BIBLIOGRAPHY, ETC. NOTE |
| Bibliography, etc |
ბიბლიოგრ. გვ. 211-221 |
| 653 ## - INDEX TERM--UNCONTROLLED |
| Uncontrolled term |
ადამიანის უფლებათა დაცვა |
| 653 ## - INDEX TERM--UNCONTROLLED |
| Uncontrolled term |
გამოხატვის თავისუფლება |
| 700 ## - ADDED ENTRY--PERSONAL NAME |
| Personal name |
ხოფერია, რევაზ |
| Relator term |
ავტორი |
| 9 (RLIN) |
22311 |
| 700 ## - ADDED ENTRY--PERSONAL NAME |
| Personal name |
კოპალეიშვილი, მაია |
| Relator term |
ავტორი |
| 9 (RLIN) |
22312 |
| 856 ## - ELECTRONIC LOCATION AND ACCESS |
| Uniform Resource Identifier |
https://ewmi-ruleoflawgeo.org/uploads/files/FreeUni_research.pdf.pdf |
| Link text |
ელ. ვერსია |
| 942 ## - ADDED ENTRY ELEMENTS (KOHA) |
| Source of classification or shelving scheme |
|
| Koha item type |
წიგნი |